00431nam a22001457a 450000500170000001000150001702000110003203500130004303700130005608200140006924500370008326000420012027001010016230000220026320100821144348.0 aENG-101245 c120.00 aEN-84778 bDBAD/PUB a347.00954 aThe bar council of India rules / aDelhibUniversal Law Publishingc2010 aC-FF-1A, Dilkush Industrial Estate, (Near Azadpur Metro Station) G.T. Karnal RoadbDelhie110033 a167p.c24cm (pbk)